Иммобилизация наночастиц оксогидроксида алюминия на поверхности гематита; Проблемы геологии и освоения недр; Т. 2
| Parent link: | Проблемы геологии и освоения недр: труды XIX Международного симпозиума имени академика М. А. Усова студентов и молодых ученых, посвященного 70-летнему юбилею Победы советского народа над фашистской Германией, Томск, 6-10 апреля 2015 г./ Национальный исследовательский Томский политехнический университет (ТПУ), Институт природных ресурсов (ИПР) ; Общество инженеров-нефтяников, международная некоммерческая организация, Студенческий чаптер ; под ред. А. Ю. Дмитриева.— , 2015 Т. 2.— [С. 290-292] |
|---|---|
| Autor Principal: | |
| Autor Corporativo: | |
| Outros autores: | , , |
| Summary: | Заглавие с экрана |
| Idioma: | ruso |
| Publicado: |
|
| Series: | Комплексное использование и переработка минерального сырья Переработка минерального и техногенного сырья |
| Subjects: | |
| Acceso en liña: | http://earchive.tpu.ru/handle/11683/22828 http://www.lib.tpu.ru/fulltext/c/2015/C11/V2/126.pdf |
| Formato: | MixedMaterials Electrónico Capítulo de libro |
| KOHA link: | https://koha.lib.tpu.ru/cgi-bin/koha/opac-detail.pl?biblionumber=615452 |
MARC
| LEADER | 00000naa2a2200000 4500 | ||
|---|---|---|---|
| 001 | 615452 | ||
| 005 | 20250916125021.0 | ||
| 035 | |a (RuTPU)RU\TPU\conf\13651 | ||
| 035 | |a RU\TPU\conf\13643 | ||
| 090 | |a 615452 | ||
| 100 | |a 20151110d2015 k y0rusy50 ca | ||
| 101 | 0 | |a rus | |
| 102 | |a RU | ||
| 105 | |a y z 100zy | ||
| 135 | |a drcn ---uucaa | ||
| 181 | 0 | |a i | |
| 182 | 0 | |a b | |
| 200 | 1 | |a Иммобилизация наночастиц оксогидроксида алюминия на поверхности гематита |f Е. С. Сыромотина, Ф. Е. Сапрыкин, Д. В. Мартемьянов |g науч. рук. С. П. Журавков | |
| 203 | |a Текст |c электронный | ||
| 225 | 1 | |a Комплексное использование и переработка минерального сырья | |
| 225 | 1 | |a Переработка минерального и техногенного сырья | |
| 300 | |a Заглавие с экрана | ||
| 320 | |a [Библиогр.: с. 292 (4 назв.)] | ||
| 337 | |a Adobe Reader | ||
| 461 | 1 | |0 (RuTPU)RU\TPU\conf\12865 |t Проблемы геологии и освоения недр |o труды XIX Международного симпозиума имени академика М. А. Усова студентов и молодых ученых, посвященного 70-летнему юбилею Победы советского народа над фашистской Германией, Томск, 6-10 апреля 2015 г. |o в 2 т. |f Национальный исследовательский Томский политехнический университет (ТПУ), Институт природных ресурсов (ИПР) ; Общество инженеров-нефтяников, международная некоммерческая организация, Студенческий чаптер ; под ред. А. Ю. Дмитриева |d 2015 | |
| 463 | 1 | |0 (RuTPU)RU\TPU\conf\13350 |t Т. 2 |v [С. 290-292] | |
| 610 | 1 | |a труды учёных ТПУ | |
| 610 | 1 | |a электронный ресурс | |
| 610 | 1 | |a иммобилизация | |
| 610 | 1 | |a наночастицы | |
| 610 | 1 | |a оксогидроксид алюминия | |
| 610 | 1 | |a гематит | |
| 700 | 1 | |a Сыромотина |b Е. С. | |
| 701 | 1 | |a Сапрыкин |b Ф. Е. |c специалист в области электроразрядных технологий |c инженер-исследователь Томского политехнического университета |f 1984- |g Филипп Евгеньевич |3 (RuTPU)RU\TPU\pers\28103 | |
| 701 | 1 | |a Мартемьянов |b Д. В. |c химик |c инженер-исследователь Томского политехнического университета |f 1978- |g Дмитрий Владимирович |3 (RuTPU)RU\TPU\pers\30853 |9 15099 | |
| 702 | 1 | |a Журавков |b С. П. |c химик |c старший научный сотрудник Томского политехнического университета, кандидат химических наук |f 1961- |g Сергей Петрович |4 727 | |
| 712 | 0 | 2 | |a Национальный исследовательский Томский политехнический университет (ТПУ) |b Институт физики высоких технологий (ИФВТ) |b Лаборатория № 12 |3 (RuTPU)RU\TPU\col\19054 |
| 801 | 2 | |a RU |b 63413507 |c 20210118 |g RCR | |
| 856 | 4 | |u http://earchive.tpu.ru/handle/11683/22828 | |
| 856 | 4 | |u http://www.lib.tpu.ru/fulltext/c/2015/C11/V2/126.pdf | |
| 942 | |c BK | ||